[Event "JBLN Ost 1819"]
[Site "Germany"]
[Date "2019.02.23"]
[Round "7.6"]
[White "Kalina, Joshua"]
[Black "Schulemann, Gero"]
[Result "1-0"]
[WhiteElo "1566"]
[BlackElo "1703"]
[PlyCount "70"]
[EventDate "2018.09.29"]
[EventType "team-tourn"]
[EventRounds "9"]
[EventCountry "GER"]
[SourceTitle "CBM 189 Extra"]
[Source "ChessBase"]
[SourceDate "2019.06.03"]
[SourceVersion "1"]
[SourceVersionDate "2019.06.03"]
[SourceQuality "1"]
[WhiteTeam "Borussia Lichtenberg"]
[BlackTeam "Halle USV"]
[WhiteTeamCountry "GER"]
[BlackTeamCountry "GER"]

1. d4 Nf6 2. Nf3 e6 3. e3 c5 4. c3 Nc6 5. Bd3 d5 6. Nbd2 Be7 7. 0-0 0-0 8. Re1 Qb6 9. Nf1 Re8 10. Ng3 Bd6 11. b3 Bd7 12. Qc2 e5 13. dxe5 Nxe5 14. Be2 Rac8 15. Bb2 Bc6 16. Nf5 Bb8 17. c4 d4 18. Nxe5 Bxe5 19. exd4 cxd4 20. Nh4 Rcd8 21. Rad1 Be4 22. Bd3 Bxd3 23. Qxd3 Qa5 24. Nf3 Ng4 25. h3 Bh2+ 26. Kf1 Ne5 27. Nxe5 Bxe5 28. a3 Kf8 29. Re4 a6 30. b4 Qa4 31. Rde1 f6 32. Bxd4 Qd7 33. Bc5+ Kf7 34. Qxd7+ Rxd7 35. f4 f5 1-0

[Event "Pardubice Czech op-D 29th"]
[Site "Pardubice"]
[Date "2018.07.27"]
[Round "8"]
[White "Kalina, Joshua"]
[Black "Zhukovskyi, Oleksandr"]
[Result "0-1"]
[WhiteElo "1521"]
[BlackElo "1649"]
[PlyCount "48"]
[EventDate "2018.07.21"]
[EventType "swiss"]
[EventRounds "9"]
[EventCountry "CZE"]
[SourceTitle "CBM 186 Extra"]
[Source "ChessBase"]
[SourceDate "2018.08.24"]
[SourceVersion "1"]
[SourceVersionDate "2018.08.24"]
[SourceQuality "1"]

1. d4 Nf6 2. Nf3 g6 3. Nbd2 d5 4. e3 Bg7 5. Bd3 0-0 6. 0-0 Bg4 7. h3 Bxf3 8. Qxf3 Nbd7 9. c3 e5 10. dxe5 Nxe5 11. Qe2 Nxd3 12. Qxd3 c5 13. Nf3 Qe7 14. Kh1 Rad8 15. Bd2 Ne4 16. Be1 f5 17. Nd2 Kh8 18. Nxe4 fxe4 19. Qc2 Qe6 20. Kg1 Be5 21. Rd1 Rf3 22. g3 Qxh3 23. Qe2 Rdf8 24. Bd2 Bxg3 0-1

[Event "GER-ch U25 op-B"]
[Site "Willingen"]
[Date "2015.05.25"]
[Round "3"]
[White "Zimmer, Claudius"]
[Black "Kalina, Joshua"]
[Result "1-0"]
[WhiteElo "1105"]
[BlackElo "1298"]
[PlyCount "37"]
[EventDate "2015.05.24"]
[EventType "swiss"]
[EventRounds "9"]
[EventCountry "GER"]
[SourceTitle "CBM 166 Extra"]
[Source "ChessBase"]
[SourceDate "2015.06.18"]
[SourceVersion "1"]
[SourceVersionDate "2015.06.18"]
[SourceQuality "1"]

1. e4 e5 2. Nf3 Nc6 3. d4 exd4 4. Bc4 Nf6 5. e5 d5 6. Bb5 Ne4 7. Nxd4 Bd7 8. Bxc6 Bxc6 9. Nxc6 bxc6 10. 0-0 Bc5 11. Nd2 Ng5 12. Kh1 Bb6 13. f4 Ne6 14. Nb3 0-0 15. Qg4 h6 16. f5 Ng5 17. f6 gxf6 18. exf6 Kh7 19. Bxg5 1-0

[Event "Magdeburg op-B"]
[Site "Magdeburg"]
[Date "2014.06.13"]
[Round "8"]
[White "Lilienthal, Niels Bennett"]
[Black "Kalina, Joshua"]
[Result "1/2-1/2"]
[WhiteElo "1167"]
[BlackElo "1090"]
[PlyCount "81"]
[EventDate "2014.06.08"]
[EventType "swiss"]
[EventRounds "9"]
[EventCountry "GER"]
[SourceTitle "CBM 160 Extra"]
[Source "ChessBase"]
[SourceDate "2014.07.01"]
[SourceVersion "1"]
[SourceVersionDate "2014.07.01"]
[SourceQuality "1"]

1. e4 e5 2. Nf3 Nc6 3. Bb5 Nf6 4. d3 a6 5. Bxc6 dxc6 6. Nxe5 Bd6 7. Nf3 0-0 8. 0-0 Bc5 9. Bg5 Be7 10. h3 h6 11. Bh4 Be6 12. Nc3 Re8 13. Qd2 Nxe4 14. Nxe4 Bxh4 15. Qf4 Be7 16. Rfe1 Bd6 17. Nxd6 cxd6 18. Nd4 Qd7 19. Re3 Kf8 20. a3 Re7 21. Rae1 Rae8 22. Nxe6+ Rxe6 23. Qg4 d5 24. d4 Qd6 25. Rxe6 Rxe6 26. Rxe6 Qxe6 27. Qxe6 fxe6 28. f4 h5 29. Kf2 Ke7 30. Kf3 Kf6 31. b3 b5 32. h4 Kf5 33. a4 Kf6 34. a5 b4 35. Kg3 Kf5 36. Kf3 Kf6 37. Kf2 Kg6 38. Kg3 Kf5 39. Kf3 Kf6 40. Kf2 Kg6 41. Kg3 1/2-1/2

[Event "GER-chT U12"]
[Site "Schney"]
[Date "2013.12.29"]
[Round "6.4"]
[White "Kalina, Joshua"]
[Black "Wanke, Mathis"]
[Result "0-1"]
[WhiteElo "1111"]
[BlackElo "1326"]
[PlyCount "128"]
[EventDate "2013.12.27"]
[EventType "team-swiss"]
[EventRounds "7"]
[EventCountry "GER"]
[SourceTitle "EXT 2015"]
[Source "ChessBase"]
[SourceDate "2014.11.20"]
[SourceVersion "1"]
[SourceVersionDate "2014.11.20"]
[SourceQuality "1"]
[WhiteTeam "Berlin Schachunion"]
[BlackTeam "Paderborn"]
[WhiteTeamCountry "GER"]
[BlackTeamCountry "GER"]

1. e4 c5 2. Nf3 d6 3. Bc4 e6 4. Nc3 Nc6 5. d3 g6 6. Be3 Bg7 7. Qd2 Nge7 8. 0-0-0 d5 9. exd5 exd5 10. Bxc5 dxc4 11. dxc4 Qxd2+ 12. Rxd2 0-0 13. Kb1 Re8 14. Nb5 Bh6 15. Rdd1 Bf4 16. g3 Bb8 17. Bd6 a6 18. Nc3 Bg4 19. Rd3 Bxd6 20. Ne4 Bxf3 21. Nf6+ Kf8 22. Nxe8 Bxh1 23. Nxd6 Rd8 24. Nxb7 Rxd3 25. cxd3 Nd4 26. Nc5 a5 27. Kc1 Nec6 28. Kd2 Nf3+ 29. Kc3 Nxh2 30. a3 Ke7 31. b4 axb4+ 32. axb4 Kd6 33. d4 Ng4 34. d5 Ne7 35. Kd4 Nxd5 36. cxd5 Bxd5 37. f4 Kc6 38. b5+ Kd6 39. b6 Bf3 40. b7 Kc7 41. Kd3 Bxb7 42. Nxb7 Kxb7 43. Ke4 Kc6 44. Kf3 f5 45. Kg2 Kd5 46. Kh3 Ke4 47. Kh4 Kf3 48. Kh3 Kf2 49. Kh4 Kg2 50. Kg5 Nh2 51. Kh6 Kxg3 52. Kxh7 Kxf4 53. Kxg6 Kg4 54. Kf6 f4 55. Ke5 f3 56. Ke4 f2 57. Ke3 f1Q 58. Kd4 Qb5 59. Ke4 Qd7 60. Ke5 Nf3+ 61. Kf6 Qe8 62. Kg7 Kg5 63. Kh7 Kf6 64. Kh6 Qg6# 0-1

[Event "GER-ch U25 op-B"]
[Site "Oberhof"]
[Date "2013.05.22"]
[Round "6"]
[White "Bergauz, Igal"]
[Black "Kalina, Joshua"]
[Result "1-0"]
[WhiteElo "1184"]
[BlackElo "1021"]
[PlyCount "59"]
[EventDate "2013.05.19"]
[EventType "swiss"]
[EventRounds "9"]
[EventCountry "GER"]
[SourceTitle "CBM 154 Extra"]
[Source "ChessBase"]
[SourceDate "2013.06.25"]
[SourceVersion "2"]
[SourceVersionDate "2013.06.25"]
[SourceQuality "1"]

1. e4 e5 2. Nf3 Nc6 3. d4 exd4 4. Nxd4 Qh4 5. Nc3 Bb4 6. Be2 Qxe4 7. Ndb5 Bxc3+ 8. bxc3 Kd8 9. 0-0 d6 10. Re1 Nf6 11. Bf3 Qg6 12. Bf4 Ne8 13. Qe2 Be6 14. Nd4 Kd7 15. Nxc6 bxc6 16. Rab1 Nf6 17. Rb2 Rhe8 18. Qd2 Bg4 19. Bxg4+ Nxg4 20. h3 Rxe1+ 21. Qxe1 Re8 22. Qd1 Qe4 23. Qxg4+ Re6 24. Kh2 Ke8 25. Be3 Rg6 26. Qc8+ Ke7 27. Qxc7+ Kf6 28. Qxd6+ Kf5 29. g4+ Rxg4 30. hxg4+ 1-0

[Event "GER-ch U25 op-B"]
[Site "Oberhof"]
[Date "2013.05.21"]
[Round "4"]
[White "Moenster, Michel"]
[Black "Kalina, Joshua"]
[Result "1-0"]
[WhiteElo "1310"]
[BlackElo "1021"]
[PlyCount "35"]
[EventDate "2013.05.19"]
[EventType "swiss"]
[EventRounds "9"]
[EventCountry "GER"]
[SourceTitle "CBM 154 Extra"]
[Source "ChessBase"]
[SourceDate "2013.06.25"]
[SourceVersion "2"]
[SourceVersionDate "2013.06.25"]
[SourceQuality "1"]

1. e4 e5 2. d4 exd4 3. c3 Nf6 4. e5 Qe7 5. cxd4 d5 6. Nf3 Nc6 7. Be2 Ne4 8. Nc3 Bf5 9. Nxd5 Qd7 10. Nc3 Bb4 11. Bd2 Nxd4 12. Nxe4 Bxd2+ 13. Nfxd2 0-0-0 14. 0-0 Qd5 15. Ng3 Qxe5 16. Nxf5 Qxf5 17. Bg4 Nf3+ 18. Qxf3 1-0

[Event "GER-ch U25 op-B"]
[Site "Oberhof"]
[Date "2013.05.20"]
[Round "3"]
[White "Kalina, Joshua"]
[Black "Eggert, Daniela"]
[Result "0-1"]
[WhiteElo "1021"]
[BlackElo "1241"]
[PlyCount "172"]
[EventDate "2013.05.19"]
[EventType "swiss"]
[EventRounds "9"]
[EventCountry "GER"]
[SourceTitle "CBM 154 Extra"]
[Source "ChessBase"]
[SourceDate "2013.06.25"]
[SourceVersion "2"]
[SourceVersionDate "2013.06.25"]
[SourceQuality "1"]

1. e4 e5 2. Nf3 Nc6 3. d4 exd4 4. Nxd4 Nge7 5. Bc4 g6 6. Nc3 Bg7 7. Be3 0-0 8. Qd2 d6 9. 0-0-0 Nxd4 10. Bxd4 Bxd4 11. Qxd4 Nc6 12. Qe3 Qf6 13. Nd5 Qd8 14. h4 Ne5 15. Be2 Be6 16. f4 Ng4 17. Bxg4 Bxg4 18. Rdf1 c6 19. Nc3 Re8 20. Qg3 f5 21. exf5 Bxf5 22. h5 Qf6 23. hxg6 Qxg6 24. Qxg6+ Bxg6 25. g4 Be4 26. Rh2 Re7 27. f5 Rf8 28. Re1 d5 29. Rf2 Re5 30. f6 Kf7 31. Ref1 Rg5 32. Rf4 Ke6 33. Nxe4 dxe4 34. Rxe4+ Re5 35. Ref4 Kf7 36. Kd2 Rd8+ 37. Kc3 Rc5+ 38. Kb4 Rxc2 39. Kb3 Rg2 40. Rh1 Kg6 41. f7 Rf8 42. Re1 Rxf7 43. Rxf7 Kxf7 44. Rd1 Rg3+ 45. Kc4 Rxg4+ 46. Kc3 Ke6 47. Rh1 Rg7 48. Rh5 Kf6 49. Kc4 Kg6 50. Rh2 b6 51. b4 Rc7 52. a3 a6 53. Rg2+ Kf5 54. Rf2+ Ke4 55. Re2+ Kf3 56. Re6 Kg4 57. Rh6 Kg5 58. Rh3 h5 59. a4 Rf7 60. b5 Rf4+ 61. Kb3 axb5 62. axb5 c5 63. Re3 Rb4+ 64. Kc3 Rxb5 65. Re5+ Kg4 66. Re4+ Kf5 67. Re1 c4 68. Rh1 Ke6 69. Kxc4 Rg5 70. Re1+ Re5 71. Rb1 b5+ 72. Kd4 Kf6 73. Rf1+ Rf5 74. Rb1 b4 75. Kc4 h4 76. Kxb4 h3 77. Kc3 Kg5 78. Rg1+ Kf4 79. Kd2 Rg5 80. Rf1+ Kg4 81. Ke2 h2 82. Kf2 Kh3 83. Rh1 Rg3 84. Rf1 Rg2+ 85. Kf3 Rg1 86. Kf2 Rxf1+ 0-1

[Event "GER-ch U25 op-B"]
[Site "Oberhof"]
[Date "2012.06.02"]
[Round "9"]
[White "Silber, Kevin"]
[Black "Kalina, Joshua"]
[Result "1/2-1/2"]
[WhiteElo "1196"]
[BlackElo "941"]
[PlyCount "42"]
[EventDate "2012.05.27"]
[EventType "swiss"]
[EventRounds "9"]
[EventCountry "GER"]
[SourceTitle "CBM 148 Extra"]
[Source "ChessBase"]
[SourceDate "2012.06.22"]
[SourceVersion "1"]
[SourceVersionDate "2012.06.22"]
[SourceQuality "1"]

1. e4 e5 2. Nf3 Nc6 3. d4 exd4 4. Nxd4 Nf6 5. f3 d5 6. Bb5 Bd7 7. Bxc6 Bxc6 8. Nxc6 bxc6 9. Bg5 dxe4 10. Qxd8+ Rxd8 11. fxe4 Rd6 12. e5 Re6 13. 0-0 Bc5+ 14. Kh1 Ne4 15. Bh4 Rxe5 16. h3 0-0 17. Nc3 Nxc3 18. bxc3 f6 19. Bg3 Re7 20. Rad1 Rfe8 21. Rf5 Bb6 1/2-1/2

[Event "GER-ch U25 op-B"]
[Site "Oberhof"]
[Date "2012.05.30"]
[Round "6"]
[White "Kalina, Joshua"]
[Black "Janke, Luisa"]
[Result "0-1"]
[WhiteElo "941"]
[BlackElo "1154"]
[PlyCount "92"]
[EventDate "2012.05.27"]
[EventType "swiss"]
[EventRounds "9"]
[EventCountry "GER"]
[SourceTitle "CBM 148 Extra"]
[Source "ChessBase"]
[SourceDate "2012.06.22"]
[SourceVersion "1"]
[SourceVersionDate "2012.06.22"]
[SourceQuality "1"]

1. e4 c6 2. d4 d5 3. exd5 cxd5 4. Nf3 Nf6 5. Bd3 Nc6 6. c3 Ne4 7. Nbd2 Bf5 8. 0-0 e6 9. Qc2 Bd6 10. Bxe4 dxe4 11. Nxe4 0-0 12. Re1 Qc7 13. Qd3 Bf4 14. h3 Rfd8 15. Qe2 Rd5 16. Bd2 Bxd2 17. Nexd2 Qe7 18. Ne4 e5 19. Ng3 Bd7 20. Rad1 f6 21. Qe4 Be6 22. c4 Rd7 23. d5 Rad8 24. Rc1 f5 25. Qe3 f4 26. Qe4 fxg3 27. dxe6 gxf2+ 28. Kxf2 Qxe6 29. Ng5 Qf6+ 30. Nf3 Rd4 31. Qe2 Rd2 32. Kg1 Rxe2 33. Rxe2 Qf4 34. Rce1 Qxc4 35. Nxe5 Qd4+ 36. Kh1 Nxe5 37. Rxe5 Qxb2 38. R5e2 Qb5 39. Rf2 Qc5 40. Ref1 h6 41. Kh2 Qe7 42. Kh1 Qc5 43. Kh2 Qg5 44. Kh1 Rd2 45. Rf8+ Kh7 46. R1f5 Qxg2# 0-1

[Event "GER-ch U25 op-B"]
[Site "Oberhof"]
[Date "2012.05.27"]
[Round "1"]
[White "Neumann, Tiemon"]
[Black "Kalina, Joshua"]
[Result "1-0"]
[WhiteElo "1382"]
[BlackElo "941"]
[PlyCount "53"]
[EventDate "2012.05.27"]
[EventType "swiss"]
[EventRounds "9"]
[EventCountry "GER"]
[SourceTitle "CBM 148 Extra"]
[Source "ChessBase"]
[SourceDate "2012.06.22"]
[SourceVersion "1"]
[SourceVersionDate "2012.06.22"]
[SourceQuality "1"]

1. e4 e5 2. Nf3 Nc6 3. Nc3 Nf6 4. d4 exd4 5. Nxd4 Bc5 6. Be3 0-0 7. Nxc6 bxc6 8. Bxc5 d6 9. Be3 Re8 10. Bd3 Bb7 11. 0-0 d5 12. exd5 cxd5 13. Bg5 h6 14. Bh4 Qd6 15. Qf3 Rab8 16. Bxf6 Qxf6 17. Qxf6 gxf6 18. Rfe1 Bc6 19. b3 d4 20. Be4 Bd7 21. Nd5 Kg7 22. Nxc7 Rbc8 23. Nxe8+ Rxe8 24. Rad1 d3 25. Bxd3 Rg8 26. Bh7 Kxh7 27. Rxd7 1-0

[Event "GER-chB U25"]
[Site "Oberhof"]
[Date "2011.06.12"]
[Round "1"]
[White "Kalina, Joshua"]
[Black "Goujov, Alexander"]
[Result "0-1"]
[WhiteElo "750"]
[BlackElo "1309"]
[PlyCount "48"]
[EventDate "2011.06.11"]
[EventType "swiss"]
[EventRounds "9"]
[EventCountry "GER"]
[SourceTitle "CBM 142 Extra"]
[Source "ChessBase"]
[SourceDate "2011.06.27"]
[SourceVersion "1"]
[SourceVersionDate "2011.06.27"]
[SourceQuality "1"]

1. e4 e6 2. d4 d5 3. e5 c5 4. Nf3 Nc6 5. Bg5 Qb6 6. Be3 Qxb2 7. Nc3 Qxc3+ 8. Bd2 Qa3 9. Be3 cxd4 10. Nxd4 Bb4+ 11. Bd2 Nxd4 12. Bxb4 Qxb4+ 13. Qd2 Nxc2+ 14. Kd1 Qxd2+ 15. Kxd2 Nxa1 16. Bb5+ Bd7 17. Bxd7+ Kxd7 18. Rxa1 Rc8 19. g4 Ne7 20. f4 Rc4 21. Rf1 Rhc8 22. Ke3 Rc2 23. h3 R8c3+ 24. Kd4 Nc6# 0-1